Ekonomika, financie a manažment podniku - rok 2007 zborník abstraktov z medzinárodnej vedeckej konferencie FPM EU v Bratislave

Guardado en:
Detalles Bibliográficos
Autores Corporativos: Ekonomika, financie a manažment podniku - rok 2007. Medzinárodná vedecká konferencia, Ekonomická univerzita v Bratislave. Fakulta podnikového manažmentu
Otros Autores: Lulkovičová, Ľudmila, 1951-, Markovič, Peter, 1974-, Šúbertová, Elena
Formato: Libro
Lenguaje:inglés
eslovaco
Publicado: Bratislava Fakulta podnikového manažmentu EU 2007
Materias:
Etiquetas: Agregar Etiqueta
Sin Etiquetas, Sea el primero en etiquetar este registro!

MARC

LEADER 00000nam$a2200000$$$4500
001 0064297
005 20240502071743.5
020 |a 978-80-225-2382-0 
041 0 |a eng 
041 0 |a slo 
044 |a SK 
245 1 0 |a Ekonomika, financie a manažment podniku - rok 2007  |b zborník abstraktov z medzinárodnej vedeckej konferencie FPM EU v Bratislave  |c zostavovatelia zborníka: Ľudmila Lulkovičová, Peter Markovič, Elena Šúbertová 
264 1 |a Bratislava  |b Fakulta podnikového manažmentu EU  |c 2007 
300 |a 62 s. 
610 2 0 |a ekonómia 
610 2 0 |a financie 
610 2 0 |a manažment 
610 2 0 |a riadenie podnikové 
610 2 0 |a SAMRS 
700 1 |a Lulkovičová, Ľudmila, 1951- 
700 1 |a Markovič, Peter, 1974- 
700 1 |a Šúbertová, Elena 
110 2 |a Ekonomika, financie a manažment podniku - rok 2007. Medzinárodná vedecká konferencia 
710 2 |a Ekonomická univerzita v Bratislave. Fakulta podnikového manažmentu